00438nam a2200109Ia 4500008004100000050002100041100002600062245010700088260008600195300002000281521002700301140724s9999 xx 000 0 und d aTP 1b.P326 2011 aPaule, Hanz Marcel R. aSouthville International School and Colleges online guidance mentoring system /cPaule, Hanz Marcel R. aLas Piñas, Philippines :bSouthville International School and Colleges,cc2011. a39 p. :c28 cm. aInformation Technology